La revolución cultural del Renacimiento / (Record no. 70686)

MARC details
000 -LEADER
campo de control de longitud fija 00565nam a2200169 i 4500
001 - NÚMERO DE CONTROL
campo de control 70686
003 - IDENTIFICADOR DE NÚMERO DE CONTROL
campo de control ES-MaACL
007 - CAMPO FIJO DE DESCRIPCIÓN FÍSICA--INFORMACIÓN GENERAL
campo de control de longitud fija t|
008 - DATOS DE LONGITUD FIJA--INFORMACIÓN GENERAL
campo de control de longitud fija 040729s1981 sp ||||1| spa d
100 1# - ENTRADA PRINCIPAL--NOMBRE DE PERSONA
Nombre de persona Garin, Eugenio.
9 (RLIN) 55558
245 13 - MENCIÓN DEL TÍTULO
Título La revolución cultural del Renacimiento /
Mención de responsabilidad, etc. Eugenio Garin ; prólogo de Miguel Angel Granada ; [traducción de Doménec Bergadá].
260 ## - PUBLICACIÓN, DISTRIBUCIÓN, ETC.
Lugar de publicación, distribución, etc. Barcelona :
Nombre del editor, distribuidor, etc. Crítica,
Fecha de publicación, distribución, etc. [1981]
300 ## - DESCRIPCIÓN FÍSICA
Extensión 352 p. ;
Dimensiones 20 cm.
700 1# - ENTRADA AGREGADA--NOMBRE PERSONAL
Nombre de persona Granada, Miguel Angel.
9 (RLIN) 59554
700 1# - ENTRADA AGREGADA--NOMBRE PERSONAL
Nombre de persona Bergadá, Doménec.
9 (RLIN) 27918
852 ## - LOCALIZACIÓN
Ubicación ES-MaACL
Número de control de estantería L-3495
Sublocalización o colección R.104177
Holdings
Estatus retirado Estado de pérdida Estado de daño No para préstamo Biblioteca de origen Biblioteca actual Ubicación en estantería Fecha de adquisición Fuente de adquisición Total de préstamos Signatura topográfica completa Código de barras Visto por última vez Precio de reemplazo Tipo de ítem Koha
        Biblioteca del Ateneo de Madrid Biblioteca del Ateneo de Madrid Depósito 2 17/01/2008     L-3495 1074014 23/02/2023 23/02/2023 Libro impreso